[Event "AUTO-ADV-2654"]
[Site "http://www.queenalice.com/game.php?id=1113958"]
[Date "2012.10.19"]
[Round "1"]
[White "SportRecife"]
[Black "justeldiablo"]
[Result "1-0"]
[WhiteElo "1872"]
[BlackElo "1831"]

1. d4 c5 2. Nf3 d5 3. c3 c4 4. a4 Nc6 5. b3 Na5 6. bxc4 Nxc4 7. Nbd2 Nd6 8. Nb3
Bf5 9. e3 Nf6 10. Be2 g6 11. O-O Bh6 12. Ne5 O-O 13. e4 Bxc1 14. exf5 Bb2 15.
fxg6 hxg6 16. Ra2 Bxc3 17. Qd3 Bb4 18. Nxg6 fxg6 19. Qxg6+ Kh8 20. Bd3 Nde4 21.
f3 Nd6 22. Rc1 Nf7 23. Bf5 Bd6 24. g3 Qe8 25. Be6 Rg8 26. Qxf7 Qxf7 27. Bxf7
Rgc8 28. Be6 Rxc1+ 29. Nxc1 Kg7 30. Kg2 Ne8 31. Bxd5 Rb8 32. Nd3 Nc7 33. Bc4 a6
34. a5 b6 35. h4 b5 36. Bb3 Kf6 37. Nc5 Bxc5 38. dxc5 e6 39. Rd2 Ke5 40. f4+ Kf5
41. Kf3 b4 42. g4+ Kf6 43. Rd7 Nb5 44. g5+ Kg6 45. Bc2+ Kh5 46. Rh7# 1-0

[Event "AUTO-ADV-2676"]
[Site "http://www.queenalice.com/game.php?id=1121627"]
[Date "2012.11.13"]
[Round "1"]
[White "Kavkaz95"]
[Black "justeldiablo"]
[Result "1-0"]
[WhiteElo "1899"]
[BlackElo "1830"]

1. e4 c5 2. Nf3 Nc6 3. c3 a6 4. d4 d5 5. dxc5 e6 6. exd5 exd5 7. Be3 Bg4 8. Be2
Be7 9. O-O Nf6 10. c4 d4 11. Nxd4 Bxc5 12. Nxc6 Qxd1 13. Bxd1 Bxe3 14. Ba4 Bd7
15. Re1 bxc6 16. Rxe3+ Kf8 17. Nc3 g6 18. Rd1 Rb8 19. b3 Rb7 20. Ne4 Ng4 21.
Red3 Ne5 22. Nc5 Ra7 23. Nxd7+ Nxd7 24. Rxd7 Rxd7 25. Rxd7 Kg7 26. Bxc6 Re8 27.
g3 Re2 28. Bd5 Rxa2 29. Rxf7+ Kh6 30. c5 Rd2 31. Bc4 Ra2 32. c6 1-0

[Event "AUTO-ADV-2676"]
[Site "http://www.queenalice.com/game.php?id=1121628"]
[Date "2012.11.13"]
[Round "1"]
[White "justeldiablo"]
[Black "Kavkaz95"]
[Result "1-0"]
[WhiteElo "1794"]
[BlackElo "1879"]

1. d4 Nf6 2. c4 e6 3. Qb3 d5 4. cxd5 Nxd5 5. Nf3 Nc6 6. e4 Nf6 7. Bb5 Bd7 8.
Bxc6 Bxc6 9. Nc3 Nxe4 10. Nxe4 Bxe4 11. O-O Be7 12. Bf4 O-O 13. Nd2 Bd5 14. Qg3
Bh4 15. Qe3 Qf6 16. g3 Qg6 17. Nf3 Qg4 18. Nxh4 f6 19. f3 Qh5 20. Bxc7 Rfc8 21.
Ba5 g5 22. Ng2 Rc2 23. b3 Qh3 24. Rf2 Rac8 25. Raf1 g4 26. Nf4 1-0

[Event "AUTO-ADV-2676"]
[Site "http://www.queenalice.com/game.php?id=1121641"]
[Date "2012.11.13"]
[Round "1"]
[White "marcomasa"]
[Black "justeldiablo"]
[Result "0-1"]
[WhiteElo "1661"]
[BlackElo "1819"]

1. e4 c5 2. Bc4 Nc6 3. Nf3 Nd4 4. c3 Nc6 5. d3 e6 6. Bb3 h6 7. Be3 Nf6 8. Nbd2
d5 9. a3 d4 10. cxd4 cxd4 11. Bf4 Nd7 12. h3 e5 13. Bh2 Be7 14. Ba2 Nc5 15. Qc2
O-O 16. Nxe5 Nxe5 17. Bxe5 Be6 18. Nf3 Bxa2 19. Rxa2 Ne6 20. Qc4 Bc5 21. O-O a6
22. b4 Bb6 23. a4 Rc8 24. Qb3 Rc3 25. Qb1 f6 26. Bg3 Bc7 27. Bh2 Bxh2+ 28. Nxh2
Qd7 29. Rc1 Rfc8 30. Rxc3 Rxc3 31. Qd1 Nf4 32. Rd2 Qd6 33. Qf3 g5 34. Rb2 Rxd3
35. Qg4 Qc6 36. g3 Qc1+ 37. Nf1 Rd1 38. Ra2 Rxf1+ 39. Kh2 Rh1# 0-1

[Event "AUTO-ADV-2676"]
[Site "http://www.queenalice.com/game.php?id=1121642"]
[Date "2012.11.13"]
[Round "1"]
[White "justeldiablo"]
[Black "marcomasa"]
[Result "1-0"]
[WhiteElo "1813"]
[BlackElo "1567"]

1. d4 d5 2. Bf4 Bf5 3. Nc3 Nf6 4. Nf3 a6 5. e3 Nc6 6. Bd3 Bxd3 7. cxd3 e6 8. O-O
g6 9. e4 Bg7 10. e5 Nd7 11. Qd2 Qe7 12. a3 Na5 13. Nxd5 exd5 14. Qxa5 Qd8 15.
Qxd5 Rb8 16. Bg5 f6 17. exf6 Bxf6 18. Bh6 Nb6 19. Qe6+ Be7 20. Ne5 Nd5 21. Qf7#
1-0

[Event "AUTO-ADV-2676"]
[Site "http://www.queenalice.com/game.php?id=1121651"]
[Date "2012.11.13"]
[Round "1"]
[White "justeldiablo"]
[Black "chessguy"]
[Result "1-0"]
[WhiteElo "1829"]
[BlackElo "1960"]

1. d4 Nf6 2. c4 e6 3. Qb3 c5 4. d5 b6 5. Bg5 h6 6. Bxf6 Qxf6 7. Nc3 Bb7 8. e4
Qe5 9. Nf3 Qc7 10. Bd3 a6 11. e5 d6 12. exd6 Bxd6 13. dxe6 O-O 14. exf7+ Rxf7
15. O-O-O Bf4+ 16. Kb1 Bxf3 17. gxf3 Bg5 18. Be4 Ra7 19. Bd5 Nc6 20. Ne4 Nd4 21.
Rxd4 cxd4 22. h4 Bf4 23. Rg1 Kf8 24. Bxf7 Qxf7 25. Qxb6 Rd7 26. Qxa6 d3 27. Qc8+
Qe8 28. Qc5+ Kg8 29. Nf6+ Kf7 30. Nxe8 Kxe8 31. Qc8+ Ke7 32. Rxg7+ 1-0

[Event "AUTO-ADV-2676"]
[Site "http://www.queenalice.com/game.php?id=1121652"]
[Date "2012.11.13"]
[Round "1"]
[White "chessguy"]
[Black "justeldiablo"]
[Result "1-0"]
[WhiteElo "1933"]
[BlackElo "1844"]

1. d4 d5 2. Nf3 Bg4 3. Bf4 Nc6 4. c4 Bxf3 5. exf3 dxc4 6. Bxc4 e6 7. d5 Bb4+ 8.
Nc3 Nce7 9. O-O Bxc3 10. bxc3 exd5 11. Bb5+ c6 12. Ba4 Nf6 13. Re1 O-O 14. Bc2
Nh5 15. Be3 Qc7 16. f4 g6 17. Qd2 c5 18. Bd1 Ng7 19. Bf3 Rad8 20. Qe2 Nef5 21.
Rad1 d4 22. Bd2 d3 23. Qe4 Ne6 24. g4 Nh4 25. Bh1 Rfe8 26. Qxb7 Qa5 27. Qb3 Qa6
28. f5 c4 29. Qb2 Nc5 30. Bg5 Rxe1+ 31. Rxe1 Nf3+ 32. Bxf3 Rc8 33. Bh6 Qd6 34.
Qb4 Rb8 35. Qxc4 Nd7 36. Bd5 Ne5 37. Rxe5 Qxe5 38. Bxf7+ Kh8 39. fxg6 hxg6 40.
Qxd3 Qf6 41. Qd4 Qxd4 42. cxd4 Kh7 43. Be3 Rb7 44. Bb3 Kg7 45. d5 1-0

[Event "AUTO-OPEN-2842"]
[Site "http://www.queenalice.com/game.php?id=1121688"]
[Date "2012.11.13"]
[Round "1"]
[White "gipmachado"]
[Black "justeldiablo"]
[Result "0-1"]
[WhiteElo "1497"]
[BlackElo "1859"]

1. e4 c5 2. Nf3 d5 3. exd5 Qxd5 4. Nc3 Qe6+ 5. Be2 a6 6. O-O g6 7. d4 cxd4 8.
Nxd4 Qb6 9. Qd3 Bg7 10. Nb3 Be6 11. Be3 Qc7 12. Rad1 Nf6 13. h3 O-O 14. g3 Bxh3
15. Bf3 Bxf1 16. Kxf1 Nc6 17. Kg2 Rad8 18. Qe2 Rxd1 19. Qxd1 e5 20. Qe2 b5 21.
a3 Rd8 22. Bc5 Nd4 23. Bxd4 exd4 24. Ne4 Nxe4 25. Qxe4 Bf6 26. Qd3 Qc4 27. Qxc4
bxc4 28. Nc5 Rd6 29. Ne4 Rb6 30. Nxf6+ Rxf6 31. Bd5 d3 32. cxd3 cxd3 33. Kf1 Rd6
34. Bf3 d2 35. Bd1 Re6 36. Be2 Rb6 37. b4 Kf8 38. Bd1 f5 39. Ke2 Rd6 0-1

[Event "AUTO-OPEN-2842"]
[Site "http://www.queenalice.com/game.php?id=1121689"]
[Date "2012.11.13"]
[Round "1"]
[White "justeldiablo"]
[Black "gipmachado"]
[Result "1-0"]
[WhiteElo "1858"]
[BlackElo "1557"]

1. d4 Nf6 2. c4 g6 3. Nc3 d5 4. Bg5 Bg7 5. Bxf6 Bxf6 6. Nxd5 Bg7 7. Nf3 O-O 8.
e4 Bg4 9. Be2 e6 10. Nc3 Nd7 11. O-O c5 12. Qd3 b6 13. Nb5 f5 14. exf5 exf5 15.
Nc3 Re8 16. Nd5 cxd4 17. h3 Bxf3 18. Bxf3 Nc5 19. Qd2 Qd6 20. Rae1 Rad8 21. Re2
Ne4 22. Bxe4 fxe4 23. Rfe1 Qc6 24. b3 Rxd5 25. cxd5 Qxd5 26. f3 e3 27. Rxe3 Rxe3
28. Rxe3 Kf7 29. Re4 Qd6 30. Qd3 Qc5 31. Kf2 a5 32. Qc4+ Qxc4 33. bxc4 Bf6 34.
Ke2 1-0

[Event "AUTO-OPEN-2842"]
[Site "http://www.queenalice.com/game.php?id=1121710"]
[Date "2012.11.13"]
[Round "1"]
[White "alvm"]
[Black "justeldiablo"]
[Result "1-0"]
[WhiteElo "1991"]
[BlackElo "1862"]

1. d4 c5 2. d5 d6 3. c4 Nf6 4. Nc3 e6 5. e4 Be7 6. Bd3 O-O 7. Nf3 exd5 8. exd5
Bg4 9. O-O Nbd7 10. h3 Bxf3 11. Qxf3 Ne5 12. Qe2 Nxd3 13. Qxd3 Nd7 14. Re1 Bg5
15. Re4 Ne5 16. Qg3 Bxc1 17. Rxc1 Kh8 18. Rh4 f5 19. Ne2 g5 20. Rh5 Rg8 21. Re1
Nxc4 22. Qc3+ Ne5 23. f4 gxf4 24. Nxf4 b5 25. Ne6 b4 26. Qd2 Nf3+ 27. Kh1 Nxd2
28. Nxd8 Raxd8 29. Re7 Rg7 30. Re6 Ne4 31. Kh2 Rg5 32. Rhh6 f4 33. Re7 Rg7 34.
Rxe4 Rf7 35. Ree6 f3 36. gxf3 Kg7 37. Rxd6 Rdd7 38. Kg3 c4 39. Rxd7 Rxd7 40. Rc6
Rxd5 41. Rxc4 a5 42. a3 Rb5 43. axb4 axb4 44. b3 h5 45. Kf2 Kf6 46. Ke3 Kf5 47.
Rh4 Kg5 48. Rd4 Kf5 49. Kd3 Ke5 50. Kc4 Rb8 51. Rd5+ Kf4 52. Rxh5 Kxf3 53. Rb5
Rd8 54. h4 Ke3 55. h5 Rd4+ 56. Kc5 Rh4 57. Kb6 Kd3 58. Ka5 Kc3 59. Ka4 Rh3 60.
Rxb4 Rxh5 61. Rc4+ Kb2 62. b4 1-0

[Event "AUTO-OPEN-2842"]
[Site "http://www.queenalice.com/game.php?id=1121711"]
[Date "2012.11.13"]
[Round "1"]
[White "justeldiablo"]
[Black "alvm"]
[Result "1-0"]
[WhiteElo "1838"]
[BlackElo "1949"]

1. d4 Nf6 2. c4 e6 3. Nc3 d5 4. Bg5 Be7 5. cxd5 exd5 6. e3 O-O 7. Bd3 c6 8. Qc2
Nbd7 9. Nf3 Qc7 10. Bxf6 Nxf6 11. O-O Be6 12. Ne2 h6 13. Rfc1 Rfc8 14. Nf4 Qd7
15. Ne5 Qd6 16. Nxe6 Qxe6 17. Qb3 Rab8 18. f4 Ng4 19. Re1 Nxe5 20. fxe5 c5 21.
Qa4 c4 22. Be2 a6 23. Rf1 b5 24. Qc2 f6 25. h3 fxe5 26. Bg4 Qb6 27. Bxc8 exd4
28. Qf5 Qd6 29. Be6+ Kh8 30. exd4 Bf6 31. Rad1 Re8 32. Rfe1 Qg3 33. Qxd5 Rd8 34.
Qf3 Qh4 35. Re4 Qg5 36. Bg4 b4 37. g3 h5 38. Bxh5 c3 39. bxc3 bxc3 40. Bf7 c2
41. Rh4+ Qxh4 42. gxh4 cxd1=Q+ 43. Qxd1 g6 44. Bxg6 Kg7 45. h5 Bxd4+ 46. Kg2 Bf6
47. Qc2 Bg5 48. Qc7+ Kf6 49. Qxd8+ 1-0

[Event "AUTO-OPEN-2842"]
[Site "http://www.queenalice.com/game.php?id=1121722"]
[Date "2012.11.13"]
[Round "1"]
[White "Kavkaz95"]
[Black "justeldiablo"]
[Result "1-0"]
[WhiteElo "2039"]
[BlackElo "1834"]

1. e4 c5 2. Nf3 Nc6 3. c3 e5 4. d4 cxd4 5. cxd4 Qa5+ 6. Bd2 Bb4 7. d5 Bxd2+ 8.
Nbxd2 Nd4 9. Nxe5 Qc7 10. Ndc4 Nb5 11. Be2 Nf6 12. Rc1 Qb8 13. Ne3 Qxe5 14. Bxb5
Nxe4 15. Nc4 Qf4 16. O-O O-O 17. Qd4 Qf5 18. Rce1 Nf6 19. Re5 Qg6 20. Rfe1 a6
21. Ba4 b5 22. Nb6 Rb8 23. Bb3 d6 24. Nxc8 Rbxc8 25. Re7 Rfe8 26. Qc3 Qh6 27. g3
Rf8 28. Qd3 Ng4 29. h4 Ne5 30. Qf5 Rc1 31. Rxe5 dxe5 32. Rxc1 Qxc1+ 33. Kg2 Qxb2
34. d6 Qd4 35. d7 g6 36. d8=Q Qxd8 37. Qxe5 Qb6 38. Qf4 Kg7 39. Qe5+ f6 40. Qe7+
Kh6 41. Qxf8+ Kh5 42. Bd1# 1-0

[Event "AUTO-OPEN-2842"]
[Site "http://www.queenalice.com/game.php?id=1121723"]
[Date "2012.11.13"]
[Round "1"]
[White "justeldiablo"]
[Black "Kavkaz95"]
[Result "0-1"]
[WhiteElo "1826"]
[BlackElo "2047"]

1. d4 d5 2. c4 e6 3. e3 Nf6 4. Nc3 c6 5. Nf3 Nbd7 6. Bd3 Bb4 7. O-O O-O 8. Ne2
h6 9. a3 Bd6 10. Nf4 Bxf4 11. exf4 dxc4 12. Bxc4 Nb6 13. Bd3 Nbd5 14. Nh4 Qd6
15. f5 exf5 16. Nxf5 Bxf5 17. Bxf5 Rad8 18. Be3 Nf4 19. Qa4 Nxg2 20. Kxg2 Qd5+
21. f3 Qxf5 22. Qxa7 Nd5 23. Rfe1 Nxe3+ 24. Rxe3 Qg5+ 25. Kf2 Qf4 26. Rd1 Qxh2+
27. Ke1 Rfe8 28. d5 Qg1+ 29. Ke2 Qh2+ 30. Ke1 Qh4+ 31. Ke2 Qc4+ 32. Rd3 Rxe3+
33. Kxe3 Qc1+ 34. Ke4 cxd5+ 35. Ke5 Qxb2+ 36. Kf4 Qh2+ 37. Kg4 h5+ 38. Kg5 f6+
39. Kg6 Qg3+ 40. Kf5 Qe5+ 41. Kg6 Qg5# 0-1

[Event "AUTO-OPEN-2870"]
[Site "http://www.queenalice.com/game.php?id=1133290"]
[Date "2012.12.21"]
[Round "1"]
[White "DinoSouza"]
[Black "justeldiablo"]
[Result "0-1"]
[WhiteElo "1836"]
[BlackElo "1850"]

1. e4 c5 2. Nf3 Nc6 3. d4 cxd4 4. Nxd4 e5 5. Nf3 a6 6. Bc4 h6 7. Nc3 Bb4 8. Bd2
Nf6 9. O-O O-O 10. a3 Bxc3 11. Bxc3 d6 12. Nd2 Bg4 13. Be2 Bxe2 14. Qxe2 d5 15.
Rad1 d4 16. Bb4 Nxb4 17. axb4 b5 18. Nf3 Qc7 19. Qd3 Rac8 20. Rc1 Rfe8 21. Nd2
Qd7 22. f4 exf4 23. Rxf4 Rc6 24. Nb3 Qd6 25. Rh4 Qxb4 26. Qg3 Nxe4 27. Qf3 Rf6
28. Qd3 Ng5 29. Rxd4 Re1+ 0-1

[Event "AUTO-OPEN-2870"]
[Site "http://www.queenalice.com/game.php?id=1133291"]
[Date "2012.12.21"]
[Round "1"]
[White "justeldiablo"]
[Black "DinoSouza"]
[Result "0-1"]
[WhiteElo "1851"]
[BlackElo "1786"]

1. d4 c5 2. c3 cxd4 3. cxd4 Nf6 4. Nc3 e6 5. Qb3 Nc6 6. Nf3 d5 7. a3 Bd6 8. e3
O-O 9. Bd3 e5 10. e4 exd4 11. Nxd5 Re8 12. Nxf6+ Qxf6 13. Bg5 Qe6 14. Qc2 Ne5
15. Nxe5 Qxe5 16. f4 Qa5+ 17. Kf2 Bd7 18. e5 Be7 19. Bxe7 Rxe7 20. Bxh7+ Kf8 21.
Be4 Rc8 22. Qd3 Qb6 23. Rab1 Ba4 24. b3 Rc3 25. Qd2 Bxb3 26. Rhc1 Rxc1 27. Rxc1
Ba4 28. Bd3 f6 29. Rc8+ Kf7 30. f5 Rxe5 31. Qc2 Bxc2 32. Rxc2 Qa5 33. Bc4+ Kf8
34. Re2 Rxe2+ 35. Kxe2 Qxa3 0-1

[Event "AUTO-OPEN-2870"]
[Site "http://www.queenalice.com/game.php?id=1133318"]
[Date "2012.12.21"]
[Round "1"]
[White "sisagido"]
[Black "justeldiablo"]
[Result "1-0"]
[WhiteElo "2056"]
[BlackElo "1850"]

1. e4 c5 2. Nf3 Nc6 3. c3 a6 4. d4 cxd4 5. cxd4 d5 6. exd5 Qxd5 7. Nc3 Qd7 8. d5
Na7 9. Ne5 Qc7 10. Bf4 Qc5 11. Bxa6 bxa6 12. Qa4+ Nb5 13. Be3 Qd6 14. Nxb5 Qxe5
15. Nd6+ 1-0

[Event "AUTO-OPEN-2870"]
[Site "http://www.queenalice.com/game.php?id=1133319"]
[Date "2012.12.21"]
[Round "1"]
[White "justeldiablo"]
[Black "sisagido"]
[Result "0-1"]
[WhiteElo "1855"]
[BlackElo "2132"]

1. d4 Nf6 2. c4 g6 3. Nc3 Bg7 4. e4 d6 5. Be3 O-O 6. Bd3 e5 7. Nf3 Nc6 8. d5 Ne7
9. O-O Ng4 10. Bg5 f5 11. h3 Nf6 12. exf5 gxf5 13. Nh4 h6 14. Bd2 e4 15. Be2 Kh7
16. Bf4 Nd7 17. Qd2 Ne5 18. Be3 Bf6 19. Bxh6 Rg8 20. Nxf5 Nxf5 21. Be3 Nf3+ 22.
Bxf3 exf3 23. g3 Bxc3 24. bxc3 Qh4 25. Kh2 Nxg3 26. Qd3+ Bf5 27. Qxf5+ Nxf5 28.
Rg1 Nxe3 29. Rg3 Rxg3 30. fxg3 Ng4+ 0-1

[Event "AUTO-OPEN-2870"]
[Site "http://www.queenalice.com/game.php?id=1133336"]
[Date "2012.12.21"]
[Round "1"]
[White "nitemoves"]
[Black "justeldiablo"]
[Result "1-0"]
[WhiteElo "1935"]
[BlackElo "1872"]

1. e4 c5 2. b3 Nc6 3. Bb2 a6 4. Nc3 b5 5. a4 b4 6. Nce2 e5 7. Ng3 Nf6 8. Bc4 d5
9. exd5 Nxd5 10. N1e2 Bg4 11. h3 Be6 12. O-O Bd6 13. Ne4 O-O 14. N2g3 f5 15.
Nxd6 Qxd6 16. Re1 e4 17. d3 Nc3 18. Bxe6+ Qxe6 19. Bxc3 bxc3 20. dxe4 f4 21. Nf5
Rad8 22. Qg4 Qe5 23. Rad1 Nd4 24. Nxd4 cxd4 25. Rd3 Rf6 26. f3 h5 27. Qh4 Kf7
28. Red1 Rdd6 29. Qf2 g5 30. Rxd4 Rc6 31. Rd5 1-0

[Event "AUTO-OPEN-2870"]
[Site "http://www.queenalice.com/game.php?id=1133337"]
[Date "2012.12.21"]
[Round "1"]
[White "justeldiablo"]
[Black "nitemoves"]
[Result "1-0"]
[WhiteElo "1851"]
[BlackElo "1975"]

1. d4 d5 2. c4 e6 3. Nc3 Nf6 4. Bg5 Nbd7 5. e3 c6 6. Bd3 dxc4 7. Bxc4 Be7 8. Nf3
b5 9. Bd3 Bb7 10. e4 a6 11. e5 Nd5 12. Bd2 c5 13. O-O cxd4 14. Nxd5 Bxd5 15. Bf4
O-O 16. Nxd4 Nc5 17. Bc2 Qb6 18. Qh5 g6 19. Qh6 Rfd8 20. h4 Bxg2 21. Kxg2 Rxd4
22. h5 Bf8 23. Qg5 Qc6+ 24. f3 h6 25. Qg3 g5 26. Bxg5 hxg5 27. Qxg5+ Kh8 28. h6
Nd3 29. h7 Qxc2+ 30. Kg3 Nf4 31. Qg8# 1-0

[Event "AUTO-ADV-2709"]
[Site "http://www.queenalice.com/game.php?id=1133426"]
[Date "2012.12.21"]
[Round "1"]
[White "justeldiablo"]
[Black "TorresR"]
[Result "1-0"]
[WhiteElo "1844"]
[BlackElo "1728"]

1. d4 d5 2. c4 e5 3. dxe5 d4 4. a3 c5 5. h3 Nc6 6. Bf4 f6 7. Nf3 fxe5 8. Bxe5
Nxe5 9. Nxe5 Qa5+ 10. Nd2 Nf6 11. g3 Bd6 12. Nf3 O-O 13. Bg2 Rb8 14. O-O b5 15.
b3 Qb6 16. Qc2 bxc4 17. Nxc4 Qc7 18. e3 Bxg3 19. fxg3 Qxg3 20. Nce5 Bxh3 21.
exd4 Rxb3 22. Rf2 Rfb8 23. Qc4+ 1-0

[Event "AUTO-ADV-2709"]
[Site "http://www.queenalice.com/game.php?id=1133427"]
[Date "2012.12.21"]
[Round "1"]
[White "TorresR"]
[Black "justeldiablo"]
[Result "0-1"]
[WhiteElo "1723"]
[BlackElo "1832"]

1. e4 c5 2. d4 cxd4 3. c3 dxc3 4. Bc4 e5 5. Nxc3 Bb4 6. Bd2 Nf6 7. Nf3 Nc6 8.
Ng5 d5 9. Nxd5 Bxd2+ 10. Qxd2 O-O 11. O-O Nd4 12. Rac1 Be6 13. Nxe6 fxe6 14.
Nxf6+ Rxf6 15. f4 Nf3+ 16. Rxf3 Qxd2 17. Rfc3 Rxf4 18. Bxe6+ Kf8 19. Rc7 Qf2+
0-1

[Event "AUTO-ADV-2709"]
[Site "http://www.queenalice.com/game.php?id=1133428"]
[Date "2012.12.21"]
[Round "1"]
[White "justeldiablo"]
[Black "Paulsains"]
[Result "0-1"]
[WhiteElo "1865"]
[BlackElo "1916"]

1. c4 e5 2. Nc3 Nf6 3. Qb3 Be7 4. e4 O-O 5. Be2 Nc6 6. Nf3 d6 7. d3 h6 8. Be3 b6
9. O-O a5 10. Nd5 Nxd5 11. cxd5 Nb4 12. a3 Na6 13. d4 exd4 14. Bxd4 Bd7 15. e5
c5 16. dxc6 Bxc6 17. Ne1 Nc5 18. Qg3 Ne4 19. Qe3 Bg5 20. f4 Be7 21. Bf3 d5 22.
Bxe4 dxe4 23. Bxb6 Qd5 24. Nc2 Rab8 25. Bd4 Rb3 26. Qf2 f6 27. Rad1 Rd3 28. Rxd3
exd3 29. Ne1 fxe5 30. Bxe5 d2 31. Nf3 d1=Q 32. Rxd1 Qxd1+ 33. Ne1 Bc5 0-1

[Event "AUTO-ADV-2709"]
[Site "http://www.queenalice.com/game.php?id=1133429"]
[Date "2012.12.21"]
[Round "1"]
[White "Paulsains"]
[Black "justeldiablo"]
[Result "1-0"]
[WhiteElo "1856"]
[BlackElo "1854"]

1. e4 c5 2. Nf3 Nc6 3. Bb5 Nd4 4. Nxd4 cxd4 5. O-O a6 6. Bc4 e6 7. d3 b5 8. Bb3
Bb7 9. a4 Bc6 10. Bf4 d5 11. e5 h6 12. Nd2 Ne7 13. Nf3 Ng6 14. Bg3 Bc5 15. c3
Qb6 16. a5 Qa7 17. c4 dxc4 18. dxc4 O-O 19. Qd3 bxc4 20. Bxc4 Bxf3 21. Qxf3 Rab8
22. b3 Ne7 23. h3 Nf5 24. Bh2 Nh4 25. Qg4 Ng6 26. Bxe6 Kh7 27. Bc4 Qe7 28. Rfe1
Ra8 29. e6 f5 30. Qe2 Bb4 31. Red1 Bc5 32. Kh1 f4 33. Qd3 Qg5 34. g3 f3 35. Qe4
Kh8 36. Rd3 Nf4 37. Rxf3 Nxh3 38. Rxf8+ Rxf8 39. Rf1 d3 40. Bxd3 g6 41. Kg2 Nxf2
42. Qxg6 Qxg6 43. Bxg6 Ng4 44. Rxf8+ Bxf8 45. Bg1 Kg7 46. Bf5 Nf6 47. Bd4 Be7
48. Bxf6+ Kxf6 49. g4 Ke5 50. Kf3 Bb4 51. Ke3 h5 52. Kf3 h4 53. Kg2 Kf4 54. Kh3
Be7 55. b4 Ke5 56. b5 axb5 57. a6 Bc5 58. e7 Bxe7 59. a7 b4 60. a8=Q 1-0